• 首页
  • 本馆介绍
  • 公告通知
  • 最新文献
  • 馆藏检索
  • 电子资源
  • 读者导购
  • 参考咨询
  • 我的图书馆
  • 登录
  • 详细信息显示
  • 放入我的书架
  • 预约/预借图书
  • 作者相关作品
  • 分类相关作品
  • 丛书相关作品
  • 出版社相关作品

书目信息

  • 表格格式
  • 工作单格式
  • 卡片格式
题名:
在我消逝掉的世界里
    
 
作者: 孟庆枢 , 金涛 编
分册:  
出版信息: 北京   海洋出版社  1980
页数: 469页
开本: 19cm
丛书名:
单 册:
中图分类: I512.45 , I512.4
科图分类:
主题词: 科学幻想小说--苏联--现代--选集 , 文学
电子资源:
ISBN:
000 00885nam0 2200289 45
001 0180007211
005 20040412110755.8
010    @dCNY1.20
091    @a110193.0039
100    @a19950527d1980 em y0chiy0121 ea
101 1  @achi@crus
102    @aCN@b110000
105    @af z 000ay
106    @ar
200 10 @a在我消逝掉的世界里@Azai wo xiao shi diao de shi jie li@e苏联著名科学幻想小说选@f孟庆枢,金涛编
210    @a北京@c海洋出版社@d1980
215    @a469页@c图@d19cm
517 1  @a苏联著名科学幻想小说选@Asu lian zhu ming ke xue huan xiang xiao shuo xuan
606    @a科学幻想小说@y苏联@z现代@x选集
606 0  @a文学
690    @aI512.45@v3
690    @aI512.4
701  0 @a孟庆枢@Ameng qing shu@4编
701  0 @a金涛@Ajin tao@4编
801  0 @aCN@b上海图书馆@c20040412
801  2 @aCN@bNLC@c20040412
905    @f1@b32090@f1@b32099@f2@b32105-106@dI512.4@e359
    
    在我消逝掉的世界里:苏联著名科学幻想小说选/孟庆枢,金涛编.-北京:海洋出版社,1980
    469页:图;19cm
    
    
    ISBN :CNY1.20
    
●
相关链接 在E读中查询图书 在五车中查询图书 在当当中查询图书 在豆瓣中查询图书


正题名:在我消逝掉的世界里     索取号:I512.4/359         预约/预借

序号 登录号 条形码 馆藏地/架位号 状态 备注
1 0032089   000657881   第一样本阅览室/ [索取号:I512.4/359] 在馆    
2 0032090   000651351   第二借阅区/ [索取号:I512.4/359] 在馆    
3 0032099   000650520   第二借阅区/ [索取号:I512.4/359] 在馆    
4 0032105   000651333   第二借阅区/ [索取号:I512.4/359] 在馆    
5 0032106   000651360   第二借阅区/ [索取号:I512.4/359] 在馆    
唐山师范学院图书馆 欢迎您!
大连网信软件有限公司© 版权所有